| 000 | 00657nam a22001815i 4500 | ||
|---|---|---|---|
| 001 | 152088 | ||
| 003 | ES-MaACL | ||
| 005 | 20230906204529.0 | ||
| 008 | 051007s1876 xxk | |||||||| ||eng d | ||
| 040 |
_aCAM _bspa _cCAM |
||
| 130 | 0 |
_aBiblia. _lFrancés. _9119283 |
|
| 245 | 1 | 3 |
_aLa Sainte Bible ou L'Ancien et le Nouveau testament / _cd'après la version revue par J.F. Ostervald. |
| 260 |
_aCambridge : _bSociété Biblique Britannique, _c1876 ( _fImprimerie de l'Université) |
||
| 300 |
_a[520] p. ; _c14 cm. |
||
| 597 | _aSign: []\p2\s, A-2Y\p12\s, 2Z\p6\s. | ||
| 700 | 1 |
_aOstervald, J.F. _9130735 |
|
| 852 |
_aES-MaACL _jD-3379 _z-- Enc. tela grab. |
||
| 999 |
_c152088 _d152088 |
||